A Textbook of Histology/ (Record no. 14734)

000 -LEADER
fixed length control field 00557nam a22001817a 4500
008 - FIXED-LENGTH DATA ELEMENTS--GENERAL INFORMATION
fixed length control field 161007b xxu||||| |||| 00| 0 eng d
020 ## - INTERNATIONAL STANDARD BOOK NUMBER
International Standard Book Number 0721617573
050 ## - LIBRARY OF CONGRESS CALL NUMBER
Classification number QM 551 .B56 1975
100 ## - MAIN ENTRY--PERSONAL NAME
Personal name Bloom, Wlliams
245 ## - TITLE STATEMENT
Title A Textbook of Histology/
Statement of responsibility, etc. William Bloom and Don W. Fawcett
250 ## - EDITION STATEMENT
Edition statement 10th ed.
260 ## - PUBLICATION, DISTRIBUTION, ETC. (IMPRINT)
Place of publication, distribution, etc. Philadelphia:
Name of publisher, distributor, etc. W. B. Saunders Company,
Date of publication, distribution, etc. 1975
300 ## - PHYSICAL DESCRIPTION
Extent xv, 1033p.:
Other physical details ill.;
500 ## - GENERAL NOTE
General note Includes bibliographies.
650 ## - SUBJECT ADDED ENTRY--TOPICAL TERM
Topical term or geographic name as entry element Histology
700 ## - ADDED ENTRY--PERSONAL NAME
Personal name Fwcett, Don W.
942 ## - ADDED ENTRY ELEMENTS (KOHA)
Source of classification or shelving scheme
Koha item type Hard Covered Materials
Classification part QM 551 .B56 1975
Holdings
Withdrawn status Lost status Source of classification or shelving scheme Damaged status Not for loan Home library Current library Shelving location Date acquired Source of acquisition Total Checkouts Full call number Barcode Date last seen Price effective from Koha item type
          MACHAKOS UNIVERSITY LIBRARY MACHAKOS UNIVERSITY LIBRARY Technical section 07/10/2016 Donation (BFA)   QM 551 .B56 1975 28249 08/06/2018 07/10/2016 Hard Covered Materials
© Machakos University Library, Along The Highway, Machakos Wote Rd, Machakos, Kenya P.O. Box 136 - 90100 Machakos - Kenya

Tel: ( +254 ) 723 805829 OR Fax : 044-20353 OR Email: library@mksu.ac.ke